Name all Countries of the America's Alphabetically - Statistics

General Stats
  • This quiz has been taken 102 times
  • The average score is 30 of 35
Answer Stats
Countries % Correct
Antigua and Barbuda
95%
Argentina
95%
Barbados
92%
Brazil
92%
Chile
92%
Costa Rica
92%
Bolivia
90%
Canada
90%
Colombia
90%
Ecuador
90%
Bahamas
89%
Cuba
89%
Dominica
89%
Guatemala
89%
Belize
87%
Dominican Republic
87%
El Salvador
87%
Honduras
87%
Grenada
85%
Guyana
85%
Haiti
84%
Jamaica
84%
Nicaragua
82%
Paraguay
80%
Uruguay
80%
Venezuela
80%
Trinidad and Tobago
79%
Mexico
77%
Saint Kitts and Nevis
77%
Saint Lucia
77%
Saint Vincent and the Grenadines
77%
Peru
75%
Suriname
75%
Panama
74%
United States ofAmerica
72%
No matching quizzes found
Score Distribution
Percent of People with Each Score
Percentile by Number Answered
Your Score History
You have not taken this quiz